[Event "London MSO Masters"]
[Site "London"]
[Date "1999.08.26"]
[Round "2"]
[White "Mikhalevski, Victor"]
[Black "Cherniaev, Alexander"]
[Result "1-0"]
[WhiteElo "2516"]
[BlackElo "2432"]
[Annotator "Mikhalevski,V"]
[PlyCount "83"]
[EventDate "1999.08.21"]
[EventType "swiss"]
[EventRounds "9"]
[EventCountry "ENG"]
[SourceTitle "EXT 2000"]
[Source "ChessBase"]
[SourceDate "1999.11.16"]
[SourceVersion "1"]
[SourceVersionDate "1999.11.16"]
[SourceQuality "1"]

1. d4 Nf6 2. c4 e6 3. g3 c5 4. d5 exd5 5. cxd5 b5 {Nowadays this line is not
very popular.} 6. Bg2 d6 7. b4 $5 {Most tough reaction which was found by
Sosonko and later played by Kasparov in his candidate match against Korchnoi
in 1983.} cxb4 8. a3 {Benko gambit at the first hand.} bxa3 9. Nxa3 Bd7 $5 {
Probably the best reply.Other options seems to be worse.} (9... g6 {can be
found in Informant 39/107}) (9... Qd7 10. Qb3 Na6 11. Bh3 Qb7 12. Qxb5+ Qxb5
13. Nxb5 Nb4 14. Rxa7 Rxa7 15. Nxa7 Bd7 16. Nc6 Nfxd5 17. Nd4 Be7 18. Bxd7+
Kxd7 19. Ngf3 Bf6 20. Bd2 Rc8 21. O-O Rc4 {1/2-1/2 Sosonko,G-Timman,J/Tilburg
1982/MCD (21)}) (9... Ba6 10. Nf3 g6 11. Nd4 Bg7 12. O-O O-O 13. Rb1 Re8 14.
Naxb5 Ne4 15. Ne6 Qd7 16. Nxg7 $16 {Steckner,J-Reuss,A/Wuert 1997/EXT 99/1-0 
(39)}) 10. Nf3 (10. Qb3 $5 Be7 11. Nf3 Na6 12. Nxb5 Nc5 13. Qc4 O-O 14. Nfd4 a6
15. Nc3 Ng4 16. O-O Bf6 17. Ra3 Qb6 18. Bf4 Nd3 19. Qxd3 Bxd4 20. e3 Bc5 21.
Na4 Bxa4 22. Rxa4 $14 {1-0 Podvrsnik,M-Rajkovic,D/Ptuj 1989/EXT 97 (33)}) 10...
Be7 (10... a5 $5 {is interesting with the idea to keep the b-pawn.} 11. Nd4 b4
12. Nc4 (12. Nac2 Na6) 12... Ra6 (12... Qc7 $5 13. Qb3 Be7 $13) 13. O-O Be7 14.
e4 (14. Qb3 O-O 15. Rd1 Qc7 16. Rd2 Qc5 17. Qd3 a4 18. Ne3 Ng4 19. Nxg4 Bxg4
20. Qe4 Qc3 21. Rb1 a3 22. Nb5 Qc5 23. Ra2 Qxb5 24. Rxb4 Qc5 25. Be3 Bf5 26.
Bxc5 Bxe4 27. Rxe4 Bf6 28. Bb4 Bb2 29. Re3 Nd7 30. Bxa3 Bd4 31. Rd3 Bc5 32.
Bxc5 Rxa2 33. Bxd6 Ra1+ 34. Bf1 Rc8 35. Ba3 Ne5 36. Rb3 Nc4 37. Bb4 Rb8 38. e3
Nd2 39. Bxd2 Rxb3 40. Kg2 Rd1 41. Bc4 Rbb1 42. Bc3 Rbc1 43. Bb3 Rg1+ {0-1
Hulak,K-Podlesnik,B/Portoroz 1996/CBM 51 ext (43)}) 14... O-O 15. Bf4 a4 16.
Qd3 Ne8 17. Rfe1 Bf6 18. e5 dxe5 19. Nxe5 Qb6 20. Rac1 $13 {0-1 Kiss,
A-Podlesnik,B/Graz 1992/EXT 98 (31)}) 11. Nd4 $5 $146 ({The only preceding
game where 10...Be7 was played continued} 11. O-O Na6 12. Nd4 Nc7 13. e4 O-O
14. Rb1 a5 15. Naxb5 Nxb5 16. Nxb5 Rb8 17. Nc3 Rxb1 18. Nxb1 Qc7 19. Ba3 Bb5
20. Re1 Nd7 $13 {1-0 Chloupek,S-Hala,B/CZE Tschechien-ch 1993/EXT 97 (34)})
11... O-O $6 (11... Qa5+ $5 {looks better.} 12. Qd2 (12. Bd2 Qb6 13. Be3 $140
Ng4) 12... Qb6 13. Qd3 Ng4 14. Naxb5 Bf6 15. Ra2 O-O 16. O-O $13) 12. O-O $6 ({
Why not} 12. Naxb5 Qb6 13. Rb1 $14) 12... Qb6 13. Qd3 Ng4 ({In case of} 13...
b4 14. Nc4 Qc7 15. Bf4 $1 $36 {[%csl Rb4,Rd6][%cal Gf1c1] /\Rfc1;><d6,b4.White
develops strong initiative.}) 14. Naxb5 Ne5 $6 {Probably this natural move is
already a mistake.} ({First} 14... Bf6 $5 {is better} 15. Ra2) 15. Qb1 $1 {
Preparing unexpected combination.} Bf6 16. Be3 $1 Nc4 {Now it comes.} 17. Nxa7
$3 {[%mdl 512] Very unusual idea.White is catching the rook on the place of
its birth.I was very satisfied with this sacrifice especially if we take in
consideration that the game was played in active chess.} Bxd4 {Black has to
accept the sacrifice.} (17... Qxb1 {leads into a bad endgame.} 18. Rfxb1 Re8
19. Nac6 $1 Rxa1 (19... Na6 20. Ra2 $1 Nxe3 21. fxe3 Rxe3 22. Nb5 $1 $16) (
19... Bxc6 20. dxc6 Rxa1 21. Rxa1 Nxe3 22. fxe3 Rxe3 23. c7 Bxd4 24. Kf1 $1 Re8
25. Ra8 Ba7 26. Rxa7 Nd7 27. Bc6 $18) 20. Rxa1 Nxe3 21. fxe3 Rxe3 (21... Bg5
22. Nb5 $1 Bxe3+ 23. Kf1 Bc5 24. Nc7 Rf8 $8 25. Rb1 $1 Nxc6 26. dxc6 Bf5 27.
Rb7 $16 {/\Nd5}) 22. Ra8 {[%csl Rb8]} Re8 (22... Bxd4 23. Nxd4 Re8 24. Nc6 $1
Nxc6 25. Rxe8+ Bxe8 26. dxc6 $18 {[%cal Gc6c7,Gg2b7]}) 23. Nb5 $1 $16 {[%csl
Rd6]}) 18. Bxd4 Qxd4 19. Qb7 {[%csl Ra8] The point of 17.N:a7!!Black's rook is
traped.} Rxa7 ({An attempt to trap White's queen doesn't work:} 19... Qb6 20.
Qxa8 Na6 21. Nc8 $1 {Another original idea.} Bxc8 22. Rfb1 $1 Qc5 23. Rxa6 $1
Bxa6 24. Qxa6 $16 {and White is a pawn up.}) 20. Qxa7 $1 {><b8} Qxa7 21. Rxa7 {
[%csl Rb8] Now the problem of undeveloped knight becomes the theme of the day.}
Bg4 22. Rc1 $5 {[%mdl 512] Sacrificing a pawn I intended to make use of
discoordination of black pieces.} (22. e4 $5) 22... Ne5 $2 {After this move
White gets big positional advantage.} (22... Bxe2 $5 {Black had to accept this
sacrifice as well as he accepted the first one.} 23. Re7 (23. Ra2 Bd3 (23...
Re8 $2 24. Re1 $18) 24. Rc3 Bb1 $1 (24... Ne5 $2 25. f4) 25. Ra1 $140 Nd2)
23... Ne5 $1 {Surprisingly Black can afford this move.} (23... Bd3 24. Rc3 Ne5
25. f4 Ng6 26. Rb7 {[%csl Rd6][%cal Gb7b6] /\Rb6}) 24. f4 Nf3+ (24... Nd3 25.
Rc3 $18) 25. Kf2 Nd4 26. Re4 Nb3 27. Rc3 Bd3 $3 {[%mdl 2112] Playing 22.Rc1 I
have missed this fantastic resource.Anyway White is better after} 28. Re3 Nc5
29. Rxc5 dxc5 30. Rxd3 $14 {[%csl Rc5]}) 23. f4 Ned7 24. e4 $16 f5 {Despite
this move looks dubious it's difficult to recommend something else.} 25. h3 Be2
26. exf5 Rxf5 27. Kf2 Bd3 28. Rcc7 Rf7 29. Ke3 Ba6 (29... Bg6) 30. Rc6 $2 $138
{Time is starting to play essential role.} (30. Bf3 $1 {[%cal Gf3g4,Gg4e6] /
\Bg4 wins immediately.}) 30... Bb5 $2 (30... Nxc6 $8 {was necessary with good
chances for a draw.} 31. dxc6 Bb5 32. c7 Re7+ $1 33. Kd4 Re8 34. Ra5 Be2 35.
Bc6 Rc8 36. Bxd7 Rxc7) 31. Rc8+ $5 (31. Rxd6 $18 {is also sufficient for
winning.}) 31... Rf8 32. Rxf8+ Kxf8 33. Be4 $1 {[%csl Rh7]} g6 34. h4 {[%cal
Gg3g4,Gg4g5,Gh4h5] Advancing pawns of the king side White wins easily.} Kg7 35.
g4 Kf7 36. g5 Kg7 37. f5 gxf5 38. Bxf5 h6 39. Kf4 hxg5+ 40. Kxg5 $18 Kh8 41. h5
{[%cal Gh5h6,Ga7c7,Gc7c8] /\h6,Rc7-c8} Nf8 {Black blunders a piece,but he is
already helpless against h6 and Rc7-c8.} 42. Rb7 1-0

[Event "BLR-ch"]
[Site "Minsk"]
[Date "1996.??.??"]
[Round "7"]
[White "Tihonov, Jurij"]
[Black "Mochalov, Evgeny Veniaminovic"]
[Result "0-1"]
[WhiteElo "2365"]
[BlackElo "2515"]
[Annotator "Mochalov,E"]
[PlyCount "70"]
[EventDate "1996.??.??"]
[EventType "tourn"]
[EventRounds "11"]
[EventCountry "BLR"]
[EventCategory "7"]
[SourceTitle "CBM 053 Extra"]
[Source "ChessBase"]
[SourceDate "1996.09.01"]
[SourceVersion "1"]
[SourceVersionDate "1996.09.01"]
[SourceQuality "1"]

1. d4 Nf6 2. c4 c5 3. d5 e6 4. Nc3 exd5 5. cxd5 Bd6 $5 6. Nf3 Bc7 7. e4 d6 8.
h3 O-O 9. Bd3 Re8 10. O-O a6 11. a3 (11. a4 $5 Nbd7 12. Bf4 Nf8 $132) 11...
Nbd7 12. b4 b5 13. Bg5 (13. Be3 Bb6 $5 $132) (13. Bf4 $5) 13... h6 14. Bf4 Nh5
$5 15. Bh2 c4 (15... Qf6 $2 16. e5 $1 $36) 16. Bc2 Qf6 17. Ne2 (17. Qd2 $5)
17... Ne5 18. Nfd4 (18. Nxe5 dxe5 19. Qd2 Nf4 $5 $132) 18... Bb6 19. f4 $4 (19.
Kh1 $5 g5 $132) 19... Nd3 20. e5 dxe5 21. fxe5 Qh4 $1 $19 22. Bxd3 Bxd4+ 23.
Nxd4 Qxd4+ 24. Kh1 cxd3 25. Qf3 (25. Qxh5 Qxd5 $19) 25... Rxe5 $1 26. d6 (26.
Qxf7+ Kh7 27. Bxe5 Qxe5 28. Rae1 Ng3+ 29. Kg1 Ne2+ 30. Kh1 d2 $19) 26... Ra7 (
26... Rd5 $19) 27. Bg1 Qxd6 28. Bxa7 Be6 29. Bc5 Qd8 30. Rae1 Bd5 31. Qd1 (31.
Qg4 Rg5 $19) 31... Qh4 $1 32. Qg4 (32. Rxe5 $2 Qxh3+ $19) 32... Rxe1 33. Qxh4
Rxf1+ 34. Kh2 d2 35. Qd8+ Kh7 0-1

[Event "EU-Cup 21st"]
[Site "Saint Vincent"]
[Date "2005.09.21"]
[Round "4.2"]
[White "Eriksson, Magnus2"]
[Black "Kekelidze, Mikheil"]
[Result "0-1"]
[WhiteElo "2338"]
[BlackElo "2473"]
[Annotator "Mueller,Karsten"]
[PlyCount "110"]
[EventDate "2005.09.18"]
[EventType "team-swiss"]
[EventRounds "7"]
[EventCountry "ITA"]
[SourceTitle "CBM 110"]
[Source "ChessBase"]
[SourceDate "2006.01.31"]
[SourceVersion "1"]
[SourceVersionDate "2006.01.31"]
[SourceQuality "1"]
[WhiteTeam "Malmo"]
[BlackTeam "Marmaris"]
[WhiteTeamCountry "SWE"]
[BlackTeamCountry "TUR"]

1. d4 Nf6 2. c4 e6 3. Nc3 c5 4. d5 exd5 5. cxd5 Bd6 6. Nf3 O-O 7. Nd2 Bc7 8. g3
d6 9. Bg2 Nbd7 10. O-O a6 11. Nde4 b5 12. Nxf6+ Nxf6 13. a4 Bd7 14. axb5 axb5
15. Rxa8 Qxa8 16. Bg5 Ng4 17. Bf4 f5 18. b4 Qa3 19. Qc2 Qxb4 20. h3 Nf6 21. Ra1
Qc4 22. Qd2 b4 23. Nd1 Bb5 24. Bf3 Ne4 25. Qb2 g5 26. Rc1 Qd4 27. Qxd4 cxd4 28.
Rxc7 gxf4 29. Rb7 Nc3 30. Nb2 Bxe2 31. Bxe2 Nxe2+ 32. Kg2 fxg3 33. fxg3 f4 34.
gxf4 Nxf4+ 35. Kg3 Nxd5 36. Rb5 Rf5 37. Nd3 Ne7 38. Rxf5 Nxf5+ 39. Kf4 Ng7 40.
Nxb4 Kf7 41. Ke4 Ke6 42. Kxd4 Nh5 43. Nd5 Nf6 44. Ne3 h5 45. Nc4 Nh7 46. h4 Nf8
47. Nd2 $2 (47. Ne3 {hätte den Laden vermutlich zusammengehalten, z.B.} Ng6 48.
Nd5 Kf5 49. Ne3+ Kf4 50. Nd5+ Kg4 51. Nf6+ Kxh4 52. Nxh5 Kxh5 53. Kd5 $11)
47... Ng6 48. Nf3 Kf5 49. Kd5 Kg4 50. Nd2 Nxh4 51. Kxd6 Nf3 52. Nf1 (52. Ne4
Kf4 53. Kd5 h4 54. Nf2 Nd2 55. Nh3+ Kg4 56. Ng1 Nf3 57. Ne2 h3 $19) 52... h4
53. Ne3+ (53. Kd5 Kf4 $19) 53... Kg5 $1 (53... Kh5 $2 54. Ng2 h3 55. Nf4+ $11)
(53... Kg3 $2 54. Nf5+ $11) 54. Kd5 h3 55. Nf1 (55. Nd1 h2 56. Nf2 Kf4 57. Nh1
Nd2 58. Kd4 Kf3 59. Kd3 Ne4 60. Kd4 Nf2 $19) 55... Kf4 (55... Kf4 56. Ke6 Nd2
57. Nxd2 (57. Nh2 Kg3 $19) 57... h2 $19) 0-1

[Event "Leon-B"]
[Site "Leon"]
[Date "1996.??.??"]
[Round "5"]
[White "Danailov, Silvio"]
[Black "Lima, Darcy Gustavo Macha"]
[Result "0-1"]
[WhiteElo "2455"]
[BlackElo "2440"]
[Annotator "Petursson,M"]
[PlyCount "98"]
[EventDate "1996.06.??"]
[EventType "tourn"]
[EventRounds "9"]
[EventCountry "ESP"]
[EventCategory "9"]
[SourceTitle "CBM 054"]
[Source "ChessBase"]
[SourceDate "1996.10.01"]
[SourceVersion "1"]
[SourceVersionDate "1996.10.01"]
[SourceQuality "1"]

1. d4 Nf6 2. c4 e6 3. g3 c5 4. d5 exd5 5. cxd5 Bd6 6. Bg2 O-O 7. Nf3 a6 8. a4
Bc7 9. O-O d6 10. Nc3 Nbd7 11. e4 Re8 12. Re1 Rb8 13. Bf1 Nf8 14. Nd2 Ng6 15.
Rb1 Bd7 16. b4 $2 {Playing into Black's hands} cxb4 17. Rxb4 Bb6 18. h3 Bc5 19.
Rb3 Qc8 $1 20. g4 Bxg4 $1 $19 {A winning sacrifice. Black has too many pieces
in the attack, while White lacks coordination.} 21. hxg4 Nxg4 22. Re2 Nf4 23.
Nc4 Nxe2+ 24. Qxe2 Nxf2 25. Qxf2 Qg4+ 26. Bg2 Bxf2+ 27. Kxf2 Qh4+ 28. Ke2 b5
29. axb5 axb5 30. Ne3 b4 31. Ncd1 f5 32. Nf2 fxe4 33. Bd2 Qh5+ 34. Ke1 Qh4 35.
Ke2 Qh5+ 36. Ke1 Ra8 37. Rxb4 Ra1+ 38. Nfd1 Qh4+ 39. Ke2 Qh5+ 40. Ke1 Qh2 41.
Ke2 h5 42. Nf2 Ra2 43. Rxe4 Rxe4 44. Nxe4 h4 45. Nf2 Qg3 46. Ne4 Qf4 47. Kd3
Qh2 48. Ng5 Ra3+ 49. Bc3 Rxc3+ 0-1

[Event "Subotica Interzonal (Women)"]
[Site "Subotica"]
[Date "1991.??.??"]
[Round "7"]
[White "Matveeva, Svetlana"]
[Black "Arakhamia Grant, Ketevan"]
[Result "0-1"]
[WhiteElo "2325"]
[BlackElo "2440"]
[Annotator "Rogers,I"]
[PlyCount "56"]
[EventDate "1991.11.??"]
[EventType "swiss"]
[EventRounds "13"]
[EventCountry "YUG"]
[SourceTitle "TD"]
[Source "ChessBase"]
[SourceDate "1994.03.01"]
[SourceVersion "1"]
[SourceVersionDate "1994.03.01"]
[SourceQuality "1"]

1. d4 Nf6 2. c4 g6 3. Nc3 Bg7 4. e4 d6 5. g3 $5 {An unusual idea in this
position. If White wishes to develop the bishop on g2 she should probably
delay e4. Arakhamia now decides to lead the game away from a King's Indian
Defence and into Benoni channels.} c5 6. d5 O-O 7. Bg2 e6 8. Nge2 exd5 9. cxd5
Re8 10. Qc2 Na6 11. a3 Rb8 12. Rb1 b5 13. b4 Qc7 14. Qb3 Bd7 15. h3 $2 {
Matveeva, content that she has the a6 knight well under control, takes time
out to attend to the kingside. However the presence of White's king in the
centre of the board gives Arakhamia the chance for an inspired piece sacrifice.
} (15. O-O {would have left the game wide open.}) 15... cxb4 16. axb4 Nxb4 $3
17. Qxb4 a5 18. Qb3 b4 19. Na4 Nxe4 {Black has two pawns for the sacrificed
knight and a strong initiative.} 20. Be3 ({White should probably now try} 20.
O-O {belatedly, even though} Bb5 21. Re1 Nxg3 {wins another pawn.}) 20... Bb5
$1 21. Rc1 Qd7 22. Rc6 $5 Qf5 $1 23. g4 Qf6 $1 24. Qd1 {White still cannot
castle and must prevent 24...Qa1+.} ({Since} 24. Bd4 {is met by} Qxd4 $3 25.
Nxd4 Nc5+ 26. Qe3 Bxd4 {etc., Matveeva prefers to allow a more prosaic finish.}
) 24... Nxf2 $1 25. Bxf2 Rxe2+ 26. Qxe2 Bxe2 27. Nc5 Bb5 28. Ne4 Qb2 {The
threat of mate on e2 wins more material.} 0-1

[Event "Interzonal-14b"]
[Site "Szirak"]
[Date "1987.??.??"]
[Round "11"]
[White "Portisch, Lajos"]
[Black "Benjamin, Joel"]
[Result "1-0"]
[WhiteElo "2615"]
[BlackElo "2575"]
[Annotator "Schussler,H"]
[PlyCount "109"]
[EventDate "1987.07.??"]
[EventType "tourn"]
[EventRounds "17"]
[EventCountry "HUN"]
[EventCategory "12"]
[SourceTitle "CBM 003"]
[Source "ChessBase"]
[SourceDate "1988.04.01"]
[SourceVersion "1"]
[SourceVersionDate "1988.04.01"]
[SourceQuality "1"]

1. d4 Nf6 2. c4 e6 3. Nf3 c5 4. d5 exd5 5. cxd5 Bd6 $6 6. Nc3 Bc7 7. Nd2 $146 (
7. d6 $5) 7... d6 8. Nc4 a6 9. a4 Nbd7 10. Bg5 O-O 11. e4 $6 (11. e3 $142 $14)
11... Re8 12. Bd3 Rb8 13. Ne3 h6 14. Bh4 Ne5 15. O-O Bd7 16. Bc2 Ng6 (16... b5
$6 17. f4 Ng6 18. Bxf6 $1 Qxf6 19. e5 $1 dxe5 20. f5 $40) 17. Bg3 b5 18. axb5
axb5 19. f3 c4 20. Ne2 Nh5 21. Bf2 Bb6 22. g3 Ne5 23. Kg2 b4 24. Re1 Rc8 25.
Ng1 Nf6 26. Rc1 Bc5 27. Nf1 Bxf2 28. Kxf2 Qb6+ 29. Kg2 Ra8 {/\Ra2} 30. Bb1 $8
Rec8 $6 {ה} (30... Bb5 $36) 31. Ne3 c3 32. b3 Ra3 $6 (32... Kh8 33. h3 g5 $1
$13) 33. h3 Bb5 $2 (33... g5 $13) 34. f4 Ned7 35. Nf3 Re8 36. Nf5 Nc5 37. e5 $1
$40 dxe5 38. fxe5 Nxd5 (38... Nh7 39. N3d4 $16) (38... Nfd7 39. e6 $1 fxe6 40.
Qd4 $40) 39. Qxd5 Bc6 40. Qd4 Rxb3 41. e6 f6 42. e7 (42. Bc2 $142 Rb2 43. e7)
42... Bxf3+ 43. Kxf3 c2+ 44. Kg4 $1 Qc6 (44... cxb1=Q 45. Qd5+ {/\Rb1,Qf7+-})
45. Kh5 cxb1=Q 46. Rxb1 Qf3+ 47. Kg6 Rd3 (47... Rxb1 48. Qc4+ {/\Qf7+-}) 48.
Qxc5 Rd5 49. Rf1 $1 $8 (49. Qc8 $4 Qxg3+ $1 50. Nxg3 Rg5#) (49. Qc2 $4 Qxg3+ $1
50. Nxg3 Rg5#) 49... Rxf5 50. Qxf5 Qxg3+ 51. Kh5 Rxe7 52. Rg1 Qc3 53. Rbc1 Re5
54. Rxc3 Rxf5+ 55. Kg6 1-0

[Event "EU-ch 1st"]
[Site "Saint Vincent"]
[Date "2000.07.12"]
[Round "9"]
[White "Chernin, Alexander"]
[Black "Timman, Jan H"]
[Result "1-0"]
[WhiteElo "2572"]
[BlackElo "2639"]
[Annotator "Stohl,I"]
[PlyCount "77"]
[EventDate "2000.07.03"]
[EventType "swiss"]
[EventRounds "11"]
[EventCountry "ITA"]
[SourceTitle "CBM 078"]
[Source "ChessBase"]
[SourceDate "2000.10.18"]
[SourceVersion "1"]
[SourceVersionDate "2000.10.18"]
[SourceQuality "1"]

1. d4 Nf6 2. c4 e6 3. g3 c5 4. d5 exd5 5. cxd5 b5 6. Bg2 d6 7. b4 Bb7 $146 {
[%mdl 8] A new move, which leads to a sharp position with a fight between the
central and flank pawns.} (7... Nbd7 8. bxc5 Nxc5 9. Nf3 Bb7 (9... g6 10. Nd4
Bg7 11. O-O a6 12. Nc6 Qd7 13. Nc3 O-O 14. a4 Nfe4 15. Nxe4 Nxe4 16. Bf4 Nc3
17. Qc2 Re8 18. e4 Nxa4 19. Rae1 Bb7 20. e5 dxe5 21. Nxe5 Bxe5 22. Bxe5 Bxd5
23. Qd2 Bc6 24. Qxd7 Bxd7 25. Bxa8 Rxa8 26. Rd1 Bh3 27. Rfe1 $16 {Gelfand,
B-Chernin,A/Dortmund/1990/}) 10. Nd4 Nxd5 11. O-O Nc7 12. Bxb7 Nxb7 13. Nxb5 $1
Nxb5 14. Qd5 Be7 15. Qxb5+ Qd7 16. Qxd7+ Kxd7 17. Nc3 Bf6 18. Rb1 Bxc3 19.
Rxb7+ Ke6 20. Bg5 d5 21. Rfb1 h6 22. Be3 d4 23. Bf4 Rhe8 24. Kf1 Re7 25. Rxe7+
Kxe7 26. Be5 f6 27. Rb7+ $36 {Mikhalevski,V-Aseev,K/Beersheba/1998/}) (7...
cxb4 8. a3 bxa3 9. Nxa3 Bd7 10. Qb3 Be7 (10... a6 $142 $13) 11. Nf3 Na6 12.
Nxb5 Nc5 13. Qc4 O-O 14. Nfd4 a6 15. Nc3 Ng4 16. O-O Bf6 17. Ra3 Qb6 18. Bf4
Nd3 19. Qxd3 Bxd4 20. e3 Bc5 21. Na4 Bxa4 22. Rxa4 $14 {Podvrsnik,M-Rajkovic,D/
Ptuj/1989/}) 8. bxc5 (8. a3 a5 $13) 8... dxc5 9. e4 Bd6 10. Nd2 (10. f4 $142 $5
O-O 11. Nc3 (11. e5 $2 Bc7 {[%csl Rd5] ><d5}) 11... b4 12. Nce2 Bc7 13. Bb2 $13
) 10... O-O 11. Ne2 {White must develop passively and Black gets an excellent
position.} (11. Ngf3 $2 Re8 $17) 11... Re8 12. O-O Ba6 $1 13. f4 Nbd7 {Black
can't hold White's [+] pawns, so he sacrifices a piece for them. But his
remaining pieces are active and << pawns dangerous.} 14. e5 {Consistent,
passive moves don't stop Black's play.} (14. Re1 b4 15. e5 Nxe5 16. fxe5 Bxe5
17. Rb1 Nxd5 $15) (14. a3 $5 Qb6 $36) 14... Nxe5 $1 (14... b4 15. Bb2 (15. Nf3
Nb6 {/\} 16. Re1 Nfxd5 17. exd6 Rxe2 $1 18. Rxe2 Nc3 $19) 15... Nxe5 16. fxe5
Bxe5 17. Bxe5 Rxe5 18. Nf4 $1 Bxf1 (18... g5 19. Nf3 Bxf1 20. Nxe5 $16) 19.
Qxf1 $13) 15. fxe5 Bxe5 16. Rb1 b4 17. Nf3 Bc7 (17... Bxe2 18. Qxe2 Bd4+ 19.
Nxd4 Rxe2 20. Nxe2 Qb6 $13) (17... Nxd5 $5 18. Nxe5 Rxe5 $15) 18. Rb2 c4 19.
Nf4 (19. Rxb4 $142 Bb6+ 20. Kh1 Nxd5 21. Rb1 c3 22. Nfg1 Bc4 $36) 19... Qd6 $6
{Black wants to improve his position before cashing in, but this gives White
chances to consolidate.} (19... Bxf4 20. Bxf4 c3 (20... Nxd5 $15) 21. Rxb4 Bxf1
22. Kxf1 Qxd5 23. Nd4 Qc5 $17) 20. Re1 c3 21. Rc2 Bb6+ 22. Kh1 Ne4 (22... Rxe1+
$5 23. Nxe1 Bc4 $44) 23. Nh3 Qg6 24. Nf4 Qf5 (24... Qd6 25. Bf1 $5 (25. Nh3 $11
)) 25. Bh3 Qf6 26. Bf1 $1 $13 {Thanks to a tactical trick White untangles his
pieces} Nf2+ $2 (26... b3 27. axb3 Nf2+ 28. Rxf2 Bxf2 29. Rxe8+ Rxe8 30. Bxa6
Qxa6 31. Nd3 $13 {/+/=}) (26... Bxf1 27. Rxf1 a5 28. Re2 $14 {|^}) (26... Bb7
$2 27. Rce2 $16) 27. Rxf2 Bxf2 28. Rxe8+ Rxe8 29. Qa4 $18 {Black loses another
piece and it's just the B that could have helped his P.} Qd8 30. Qxa6 Be3 31.
Bxe3 Rxe3 32. Nd4 h6 33. Qc4 Re4 34. Bd3 (34. Qxb4 $2 c2 $14) 34... Re1+ 35.
Kg2 Rd1 36. Nf3 a5 37. Qe4 {The pawns are stopped.} Kf8 (37... a4 38. d6 $5 Kf8
(38... Qxd6 39. Qe8+ Qf8 40. Bh7+ $18) 39. Qf5 Qxd6 40. Qc8+ Ke7 41. Qb7+ Kf8
42. Qa8+ Ke7 43. Nd5+ Ke6 44. Qc8+ Qd7 (44... Kxd5 45. Qc4#) 45. Bf5+) 38. Nd4
Rd2+ 39. Kf3 {[%cal Rf4e6] /\Nfe6} (39. Kf3 Qd7 40. d6 $1 {[%cal Re4a8,Re4h7] /
\Qa8,Qh7} Qxd6 41. Qa8+ Ke7 42. Nf5+ $18) 1-0